• 首页
  • 本馆介绍
  • 公告通知
  • 最新文献
  • 馆藏检索
  • 电子资源
  • 读者导购
  • 参考咨询
  • 我的图书馆
  • 登录
  • 详细信息显示
  • 放入我的书架
  • 预约/预借图书
  • 作者相关作品
  • 分类相关作品
  • 丛书相关作品
  • 出版社相关作品

书目信息

  • 表格格式
  • 工作单格式
  • 卡片格式
题名:
西瓜甜瓜病虫害诊治原色图鉴
    
 
作者: 吕佩珂 , 苏慧兰 , 高振江 主编
分册:  
出版信息: 北京   化学工业出版社  2017.1
页数: 183页
开本: 21cm
丛书名: 现代蔬菜病虫害防治丛书
单 册:
中图分类: S436.5-64
科图分类:
主题词: 西瓜--病虫害防治--图集 , 甜瓜--病虫害防治--图集
电子资源:
ISBN: 978-7-122-28442-6
000 01452nam 2200313 450
001 0400002937
005 20171025151412.59
010    @a978-7-122-28442-6@dCNY39.00
100    @a20170215e2017 em y0chiy50 ea
101 0  @achi
102    @aCN@b110000
105    @aa z 000yy
106    @ar
200 1  @a西瓜甜瓜病虫害诊治原色图鉴@9xi gua tian gua bing chong hai zhen zhi yuan se tu jian@f吕佩珂,苏慧兰,高振江主编
205    @a第2版
210    @a北京@c化学工业出版社@d2017.1
215    @a183页@d21cm
225 1  @a现代蔬菜病虫害防治丛书
307    @a实际页数为:184
330    @a本书紧密围绕无公害蔬菜生产需要,针对蔬菜生产上可能遇到的大多数病虫害,包括不断出现的新病虫害,不仅提供了可靠的传统防治方法,也挖掘了不少新的、现代的防治方法。本书图文并茂,介绍了西瓜、小西瓜、薄皮甜瓜、厚皮甜瓜的168种病虫害,图文结合,不仅有宏观的症状特写照片、病原生物照片,还有病原菌显微照片、图片等,便于准确识别病虫害,做到有效防治。附录中提供了农药的科学使用与配置方法。本书在文字上既描述了传染病害,也描述了生理病害的症状、病因或传播途径及害虫识别、生活习性,给出了行之有效的生物、物理、化学防治方法。
461  0 @12001 @a现代蔬菜病虫害防治丛书
606 0  @a西瓜@x病虫害防治@j图集
606 0  @a甜瓜@x病虫害防治@j图集
690    @aS436.5-64@v5
701  0 @a吕佩珂@9lv pei ke@4主编
701  0 @a苏慧兰@9su hui lan@4主编
701  0 @a高振江@9gao zhen jiang@4主编
801  0 @aCN@b91MARC@c20171021
905    @b1021423-7@dS436.5-64@f5@e126=2
    
    西瓜甜瓜病虫害诊治原色图鉴/吕佩珂,苏慧兰,高振江主编.-第2版.-北京:化学工业出版社,2017.1
    183页;21cm.-(现代蔬菜病虫害防治丛书)
    
    
    ISBN 978-7-122-28442-6:CNY39.00
    本书紧密围绕无公害蔬菜生产需要,针对蔬菜生产上可能遇到的大多数病虫害,包括不断出现的新病虫害,不仅提供了可靠的传统防治方法,也挖掘了不少新的、现代的防治方法。本书图文并茂,介绍了西瓜、小西瓜、薄皮甜瓜、厚皮甜瓜的168种病虫害,图文结合,不仅有宏观的症状特写照片、病原生物照片,还有病原菌显微照片、图片等,便于准确识别病虫害,做到有效防治。附录中提供了农药的科学使用与配置方法。本书在文字上既描述了传染病害,也描述了生理病害的症状、病因或传播途径及害虫识别、生活习性,给出了行之有效的生物、物理、化学防治方法。
●
相关链接 在E读中查询图书 在五车中查询图书 在当当中查询图书 在豆瓣中查询图书


正题名:西瓜甜瓜病虫害诊治原色图鉴     索取号:S436.5-64/126=2         预约/预借

序号 登录号 条形码 馆藏地/架位号 状态 备注
1 1021423   210214230   第二样本阅览室/ [索取号:S436.5-64/126=2] 在馆    
2 1021424   210214249   密集书库-生命科学系/ [索取号:S436.5-64/126=2] 在馆    
3 1021425   210214258   第三借阅区/ [索取号:S436.5-64/126=2] 在馆    
4 1021426   210214267   第三借阅区/ [索取号:S436.5-64/126=2] 在馆    
5 1021427   210214276   第三借阅区/ [索取号:S436.5-64/126=2] 在馆    
欢迎您!
大连网信软件有限公司© 版权所有